000 00407nam a2200157Ia 4500
008 231217s9999 xx 000 0 und d
041 _aEnglish
082 _a658.1 DAF;1 'R'
100 _aDaft, Richard L
245 0 _aEssentials of organization: Theory and design
250 _a2nd ed.
260 _c2000
_bThomson Learning
300 _avii+213
650 _aEssentials,organization
942 _cAA
999 _c168200
_d168200